000 00581nam a22001577a 4500
003 macl
005 20200710131030.0
008 200710b xxu||||| |||| 00| 0 eng d
040 _cmacl
082 _a385
100 _aशर्मा,प्रियंका
_978904
245 _aबंगाल एवं कोलकाता का इतिहास कला एवं संस्‍कृति
260 _aदिल्‍ली
_bपां‍डुलिपि प्रकाशन
_c2019
650 _aलोकसाहित्‍य
_949528
942 _2ddc
_cHIN
999 _c62596
_d62596